000 00458ntaaa2200181 4500
003 01
005 20251027202324.0
008 0714s1973 ag 01
040 _aAR-BaBN
_bspa
_cAR-BaBN
_eaacr
_dRIC
082 _a281.2000 G679
100 _aGossner, Juan
_918132
245 _aEl catolicismo primitivo
250 _a1 ed.
260 _aNew York :
_bSociedad Americana de Tratados,
_cs.f.
300 _a72 p
650 _aiglesia catolica
_9476
942 _cBK
999 _c18036
_d18036